UEFA Youth League: Top 4 - Statistiken

Allgemein
  • Dieses Quiz wurde 134 mal gespielt
    75 seit der letzten Aktualisierung
  • Das Durchschnittsergebnis liegt bei 25 aus 44
Antwortstatistiken
Saison Platzierung Verein % Korrekt
13/14 Sieger Barcelona
96%
16/17 Halbfinale Barcelona
96%
17/18 Sieger Barcelona
96%
18/19 Halbfinale Barcelona
96%
24/25 Sieger Barcelona
96%
13/14 Halbfinale Real Madrid
88%
15/16 Halbfinale Real Madrid
88%
16/17 Halbfinale Real Madrid
88%
19/20 Sieger Real Madrid
88%
17/18 Halbfinale Man City
75%
14/15 Sieger Chelsea
72%
15/16 Sieger Chelsea
72%
17/18 Zweiter Chelsea
72%
18/19 Zweiter Chelsea
72%
23/24 Zweiter AC Mailand
68%
19/20 Halbfinale Ajax
67%
13/14 Zweiter Benfica
67%
16/17 Zweiter Benfica
67%
19/20 Zweiter Benfica
67%
21/22 Sieger Benfica
67%
15/16 Zweiter Paris
67%
21/22 Halbfinale Juventus
65%
21/22 Halbfinale Atletico
61%
22/23 Halbfinale Sporting Lissabon
59%
17/18 Halbfinale Porto
58%
18/19 Sieger Porto
58%
23/24 Halbfinale Porto
58%
16/17 Sieger Salzburg
51%
19/20 Halbfinale Salzburg
51%
21/22 Zweiter Salzburg
51%
24/25 Halbfinale Salzburg
51%
13/14 Halbfinale Schalke
36%
14/15 Halbfinale AS Rom
35%
22/23 Halbfinale AC Mailand
33%
24/25 Zweiter Trabzon
29%
22/23 Sieger AZ Alkmaar
25%
24/25 Halbfinale AZ Alkmaar
25%
14/15 Halbfinale Anderlecht
23%
15/16 Halbfinale Anderlecht
23%
18/19 Halbfinale Hoffenheim
22%
23/24 Sieger Olympiakos
19%
14/15 Zweiter Donezk
17%
22/23 Zweiter Hajduk Split
9%
23/24 Halbfinale Nantes
6%
Keine übereinstimmenden Quizze gefunden
Verteilung der Resultate
Anzahl Personen mit jedem Resultat
Perzentil nach korrekt beantworteten Fragen
Ihre Resultats-Entwicklung
Sie haben dieses Quiz seit der letzten Aktualisierung nicht gespielt